000 00457nmm a2200157Ia 4500
008 251105s9999||||xx |||||||||||||||||und||
020 _a9788426714558
041 _aspa
100 _aRodríguez Penín, Aquilino
245 0 _aSistemas SCADA - Guía Práctica
264 _a[Madrid, España] :
_bMarcombo,
_c2007
300 _a256 páginas
650 _aTechnology and computing
856 _uhttps://public.digitaliapublishing.com/a/17191
942 _cCF
999 _c80430
_d80430